Sunset Blvd-Selena Gomez, benny blanco (All Lyrics) - Statistics

General Stats
  • This quiz has been taken 14 times
  • The average score is 146 of 225
Answer Stats
Lyrics % Correct
I
100%
you
100%
your
100%
Boulevard,
90%
hard...
90%
(hard...)
90%
heart!
90%
Love
90%
love
90%
me
90%
of
90%
Sunset
90%
with
90%
With
90%
and
80%
big...
80%
(big...)
80%
hold
80%
holding
80%
it
80%
it,
80%
know
80%
my
80%
the
80%
to
80%
who
80%
You're
80%
you're
80%
arms
70%
But
70%
but
70%
care
70%
in
70%
just
70%
knows
70%
middle
70%
Middle
70%
open
70%
Open
70%
open,
70%
that
70%
That
70%
can't
60%
cherry
60%
don't
60%
naked
60%
pie
60%
want
60%
die,
50%
how
50%
so
50%
'til
50%
wanna
50%
bust
40%
calling
40%
concrete
40%
everyone's
40%
famous
40%
for
40%
Hey!
40%
hey!
40%
Making
40%
Not
40%
not
40%
police
40%
roses
40%
shy,
40%
skin,
40%
They're
40%
touch
40%
Try
40%
wait
40%
watching
40%
awfully
30%
Bare
30%
bury
30%
Gimme
30%
gimme
30%
good,
30%
hardest
30%
hoping,
30%
hurts
30%
I'd
30%
keep
30%
thirst
30%
up
30%
what's
30%
broken
20%
Feels
20%
mouth
20%
Praying
20%
toes
20%
wide
20%
dip
10%
few
10%
fill
10%
quench
10%
Woman
10%
words
10%
No matching quizzes found
Score Distribution
Percent of People with Each Score
Percentile by Number Answered
Your Score History
You have not taken this quiz